| 000 | 00748nam a2200253 i 4500 | ||
|---|---|---|---|
| 001 | 14282 | ||
| 003 | ES-MaACL | ||
| 005 | 20230906150750.0 | ||
| 007 | t| | ||
| 008 | 981130s1982 xxu ||||1| eng d | ||
| 020 | _a0-486-24265-X | ||
| 080 | _a115 | ||
| 080 | _a529 | ||
| 080 | _a681.11 | ||
| 100 | 1 |
_aJespersen, James. _966355 |
|
| 245 | 1 | 0 |
_aFrom sundials to atomic clocks _b: understanding time and frequency / _cJames Jespersen and Jane Fitz-Randolph ; illustrated by John Robb. |
| 260 |
_aNew York : _bDover Publications, _c[1982] |
||
| 300 |
_a175 p. ; _c24 cm. |
||
| 650 | 1 | 4 |
_aTiempo. _917529 |
| 650 |
_aRelojes. _916839 |
||
| 700 | 1 |
_aFitz-Randolph, Jane. _951067 |
|
| 700 | 1 |
_aRobb, John. _997782 |
|
| 852 |
_aES-MaACL _jL-21520 |
||
| 999 |
_c14282 _d14282 |
||